Science Quiz

Random Science or Minefield Quiz

Avoid the Poison Quiz Stats

 Plays Quiz Updated Sep 20, 2013

Support Sporcle.
Go Orange.
Score 0/9 Timer 05:00
3 Plays Today
% Correct
???
57.6%
???
50.6%
???
50.4%
???
41.7%
???
37.5%
???
33.1%
???
32.9%
???
31.9%
???
25.3%

From the Vault

Animation Invasion

by FearTheManatee

Movies 7m
We're pretty sure any kind of animation invasion would involve a large number of anvils.
Remove Ads.
Support Sporcle.
Get the best of Sporcle when you Go Orange. This ad-free experience offers more features, more stats, and more fun while also helping to support Sporcle. Thank you for becoming a member.

Show Comments

Extras

Top Quizzes Today


Score Distribution

Your Account Isn't Verified!

In order to create a playlist on Sporcle, you need to verify the email address you used during registration. Go to your Sporcle Settings to finish the process.

Report this User

Report this user for behavior that violates our Community Guidelines.

Details: